000 00625nam a22002177a 4500
003 UA-OsUOA
001 124436
007 ta
008 20170810b un ||||| |||| 00| 0 ukr d
100 _aКлименко О. В.
090 _a330(477)
_bК49
942 _cSA
040 _aUA-OsUOA
_bukr
_cUA-OsUOA
_dUA-OsUOA
245 _aСтійкість і стабільність ринків небанківських фінансових послуг України
300 _aС.64-74
955 _a0
041 _aukr
080 _a330(477)
773 0 _w124428
650 7 _a330 Економіка взагалі
_2UDC
999 _c411592
_d411592